000 00630nam a2200229Ia 4500
003 OSt
005 20220928131530.0
006 a|||||r|||| 00| 0
007 ta
008 220927b |||||||| |||| 00| 0 eng d
024 _a42119
037 _cTextual
040 _aSDCL
_cSDCL
_beng
041 _2eng
_aeng
082 _aV2,94'K, M4
100 _aSarkar Jagdish Narayan
_9478769
245 0 _aArt of war in medieval India
260 _aNew Delhi
_bMunshiram Manohar Lal Publishers
_c1984
300 _axxv,395p
_ccm.
942 _hV2,94'K, M4
_cTEXL
_2CC
999 _c791194
_d791194